Environmental studies : (Record no. 3430)
[ view plain ]
| 000 -LEADER | |
|---|---|
| fixed length control field | 00627cam a2200193 4500 |
| 001 - CONTROL NUMBER | |
| control field | 4179 |
| 005 - DATE AND TIME OF LATEST TRANSACTION | |
| control field | 20181127172804.0 |
| 008 - FIXED-LENGTH DATA ELEMENTS--GENERAL INFORMATION | |
| fixed length control field | 111116s2011 enka b 001 0 eng |
| 010 ## - LIBRARY OF CONGRESS CONTROL NUMBER | |
| LC control number | 2011456848 |
| 020 ## - INTERNATIONAL STANDARD BOOK NUMBER | |
| International Standard Book Number | 0198072082 (pbk.) |
| International Standard Book Number | 9780198072089 (pbk.) |
| 100 1# - MAIN ENTRY--PERSONAL NAME | |
| Personal name | Rajagopalan, R. |
| Titles and words associated with a name | (Of Navadarshanam) |
| 245 10 - TITLE STATEMENT | |
| Title | Environmental studies : |
| Remainder of title | From crisis to cure / |
| Statement of responsibility, etc. | R. Rajagopalan. |
| 250 ## - EDITION STATEMENT | |
| Edition statement | 2nd ed. |
| 260 ## - PUBLICATION, DISTRIBUTION, ETC. | |
| Place of publication, distribution, etc. | Oxford ; |
| -- | New York : |
| Name of publisher, distributor, etc. | Oxford University Press, |
| Date of publication, distribution, etc. | 2013. |
| 300 ## - PHYSICAL DESCRIPTION | |
| Extent | xviii, 358 p. : |
| Other physical details | ill. ; |
| Dimensions | 25 cm. |
| 504 ## - BIBLIOGRAPHY, ETC. NOTE | |
| Bibliography, etc. note | Includes bibliographical references and index. |
| 650 #0 - SUBJECT ADDED ENTRY--TOPICAL TERM | |
| Topical term or geographic name entry element | Environmental sciences. |
| Withdrawn status | Lost status | Source of classification or shelving scheme | Damaged status | Not for loan | Collection code | Home library | Current library | Shelving location | Date acquired | Serial Enumeration / chronology | Inventory number | Total Checkouts | Full call number | Barcode | Date last seen | Price effective from | Koha item type |
|---|---|---|---|---|---|---|---|---|---|---|---|---|---|---|---|---|---|
| Dewey Decimal Classification | Main TEST | RTC Library | RTC Library | Main opac | 18/10/2023 | 5759 | 363.7 RAJ | 30007071 | 18/10/2023 | 27/11/2018 | Main |